MAHITI SAMPARK TANTRADNYAN ANI SHIKSHAN (Record no. 359512)

MARC details
000 -LEADER
fixed length control field 00433nam a2200157Ia 4500
008 - FIXED-LENGTH DATA ELEMENTS--GENERAL INFORMATION
fixed length control field 230516s2006 xx 000 0 und d
041 ## - LANGUAGE CODE
Language code of text/sound track or separate title mar
082 ## - DEWEY DECIMAL CLASSIFICATION NUMBER
Classification number 621.381`95 1
100 ## - MAIN ENTRY--PERSONAL NAME
Personal name VIRKAR PRATIBHA
245 ## - TITLE STATEMENT
Title MAHITI SAMPARK TANTRADNYAN ANI SHIKSHAN
250 ## - EDITION STATEMENT
Edition statement I
260 ## - PUBLICATION, DISTRIBUTION, ETC.
Place of publication, distribution, etc. PUNE
Name of publisher, distributor, etc. PUNE VIDYARTHI GRUHA PRAKASHAN
Date of publication, distribution, etc. 2006
300 ## - PHYSICAL DESCRIPTION
Extent 332
650 ## - SUBJECT ADDED ENTRY--TOPICAL TERM
Topical term or geographic name entry element CMPUTER
906 ## - LOCAL DATA ELEMENT F, LDF (RLIN)
a MAHITI SAMPARK TANTRADNYAN ANI SHIKSHAN, CMPUTER
Holdings
Withdrawn status Lost status Damaged status Not for loan Collection Home library Current library Shelving location Date acquired Source of acquisition Cost, normal purchase price Total Checkouts Full call number Barcode Date last seen Price effective from Koha item type
          College of Physical Education, Pune College of Physical Education, Pune R18/3 18/07/2006 PUNE VIDYARTHI GRIHA PRAKASHAN, 1786 SADASHIV P 150.00   621.381`95 1 PEP-BPED-3784 16/05/2023 16/05/2023 Book